000 00450nam a2200157Ia 4500
003 Ost
005 20260225132559.0
008 260225s9999||||xx |||||||||||||| ||und||
040 _cfsic
041 _afre
082 _a347.1
100 _aLUDOVIC BERNARDEAU
_eAuteur
245 0 _aLES AMENDES EN DROIT DE LA CONCURRENCE :
245 0 _bPRATIQUE DéCISIONNELLE ET CONTROLE JURIDICTIONNEL DU DROIT DE L3UNION /
_cLUDOVIC BERNARDEAU
942 _cكتاب
999 _c34679
_d34679